[Event "Titled Tuesday intern op 24th Sep Late"]
[Site "Chess.com INT"]
[Date "2024.09.24"]
[Round "3"]
[White "Andreassen, Lars"]
[Black "Kalyani, Sirin"]
[Result "1-0"]
[WhiteElo "2168"]
[BlackElo "2193"]
[PlyCount "83"]
[EventDate "2024.09.24"]
[EventType "swiss (blitz)"]
[EventRounds "11"]
[EventCountry "USA"]
[SourceTitle "EXT 2025"]
[Source "ChessBase"]
[SourceDate "2024.10.14"]
[SourceVersion "1"]
[SourceVersionDate "2024.10.14"]
[SourceQuality "1"]

1. d4 d5 2. Nf3 Nf6 3. c4 e6 4. Nc3 Bb4 5. Bg5 h6 6. Bxf6 Qxf6 7. e3 Nd7 8. Bd3 c6 9. 0-0 Qe7 10. e4 dxe4 11. Nxe4 Nf6 12. a3 Ba5 13. b4 Bc7 14. Qe2 0-0 15. Rfe1 Rd8 16. Rad1 a5 17. Ne5 Kf8 18. Qf3 Rxd4 19. Nc5 axb4 20. axb4 Ra3 21. Qe2 Qd6 22. Nf3 Rg4 23. g3 b6 24. Ne4 Nxe4 25. Bxe4 Qxb4 26. Bxc6 Qxc4 27. Qb2 Ra5 28. Rc1 Qb4 29. Qe2 Rc5 30. Rb1 Qc4 31. Qxc4 Rgxc4 32. Bb5 Rc2 33. Nd4 Rd2 34. Nb3 Rxb5 35. Nxd2 Rd5 36. Nc4 b5 37. Ne3 Rc5 38. Rec1 Bd6 39. Rxc5 Bxc5 40. Rc1 Bxe3 41. Rxc8+ Ke7 42. fxe3 1-0

[Event "Titled Tuesday intern op 24th Sep Late"]
[Site "Chess.com INT"]
[Date "2024.09.24"]
[Round "1"]
[White "Brzezina, Piotr"]
[Black "Andreassen, Lars"]
[Result "1/2-1/2"]
[WhiteElo "2341"]
[BlackElo "2168"]
[PlyCount "97"]
[EventDate "2024.09.24"]
[EventType "swiss (blitz)"]
[EventRounds "11"]
[EventCountry "USA"]
[SourceTitle "EXT 2025"]
[Source "ChessBase"]
[SourceDate "2024.10.14"]
[SourceVersion "1"]
[SourceVersionDate "2024.10.14"]
[SourceQuality "1"]

1. e4 d5 2. exd5 Nf6 3. d4 Bg4 4. Bb5+ Nbd7 5. Be2 Bxe2 6. Nxe2 Nxd5 7. c4 N5f6 8. 0-0 e6 9. Nbc3 c6 10. Bg5 Be7 11. Qd3 0-0 12. Rad1 h6 13. Bh4 a5 14. b3 Re8 15. Rfe1 Nf8 16. Bg3 Nh5 17. Be5 Nd7 18. h3 Nhf6 19. Bh2 Qb6 20. Qe3 Bb4 21. Nf4 e5 22. dxe5 Qxe3 23. Rxe3 Rxe5 24. Rxe5 Nxe5 25. Nce2 Re8 26. Kf1 g5 27. Nd3 Nxd3 28. Rxd3 Ne4 29. f3 Nd2+ 30. Kf2 Bc5+ 31. Ke1 Bb4 32. Kd1 Nf1 33. Bg1 Ng3 34. Nxg3 Re1+ 35. Kc2 Rxg1 36. Nf5 Rxg2+ 37. Kb1 Ba3 38. Nxh6+ Kg7 39. Ng4 Rb2+ 40. Ka1 Re2 41. Kb1 Rb2+ 42. Ka1 Re2 43. Rd1 Bb2+ 44. Kb1 Ba3 45. Rd7 Rb2+ 46. Ka1 Re2 47. Kb1 Rb2+ 48. Ka1 Re2 49. Kb1 1/2-1/2

[Event "Titled Tuesday intern op 17th Sep Late"]
[Site "Chess,com INT"]
[Date "2024.09.17"]
[Round "3"]
[White "Andreassen, Lars"]
[Black "Rioseco Pinochet, Fernando Luis"]
[Result "0-1"]
[WhiteElo "2168"]
[BlackElo "2129"]
[PlyCount "102"]
[EventDate "2024.09.17"]
[EventType "swiss (blitz)"]
[EventRounds "11"]
[EventCountry "USA"]
[SourceTitle "EXT 2025"]
[Source "ChessBase"]
[SourceDate "2024.10.14"]
[SourceVersion "1"]
[SourceVersionDate "2024.10.14"]
[SourceQuality "1"]

1. d4 Nf6 2. Nf3 c5 3. Bg5 Ne4 4. Bh4 Qb6 5. b3 e6 6. e3 cxd4 7. Qxd4 Qxd4 8. Nxd4 Bb4+ 9. Kd1 g5 10. Bg3 h5 11. f3 Nc3+ 12. Nxc3 Bxc3 13. Rb1 Bxd4 14. exd4 Nc6 15. c3 f5 16. Bd6 b6 17. Bd3 Bb7 18. Re1 Kf7 19. Kd2 h4 20. h3 Rag8 21. Re2 g4 22. fxg4 fxg4 23. Rf1+ Ke8 24. Ref2 Ne7 25. hxg4 Rxg4 26. Rf7 Rxg2+ 27. Kc1 Nf5 28. Bxf5 Kxf7 29. Be4+ Kg7 30. Be5+ Kg8 31. Bxb7 Rxa2 32. Rg1+ Kh7 33. Rg7+ Kh6 34. Be4 Rf8 35. Rg6+ Kh5 36. Rg1 h3 37. Bg6+ Kh6 38. Bb1 Raf2 39. Bg7+ Kh5 40. Bxf8 Rxf8 41. Rh1 Kg4 42. Bd3 Kg3 43. Be4 h2 44. Kd2 Rf2+ 45. Ke3 Rb2 46. b4 a5 47. bxa5 bxa5 48. Ra1 Rb3 49. Kd3 d5 50. Bh1 Rb2 51. Rxa5 Rb1 0-1

[Event "Titled Tuesday intern op 27th Aug Early"]
[Site "Chess.com INT"]
[Date "2024.08.27"]
[Round "2"]
[White "Andreassen, Lars"]
[Black "Ai, Evan Zihao"]
[Result "0-1"]
[WhiteElo "2168"]
[BlackElo "2202"]
[PlyCount "38"]
[EventDate "2024.08.27"]
[EventType "swiss (blitz)"]
[EventRounds "11"]
[EventCountry "USA"]
[SourceTitle "EXT 2025"]
[Source "ChessBase"]
[SourceDate "2024.10.14"]
[SourceVersion "1"]
[SourceVersionDate "2024.10.14"]
[SourceQuality "1"]

1. d4 g6 2. Nf3 Bg7 3. Bg5 d6 4. Nc3 Nf6 5. e4 Bg4 6. Qd2 h6 7. Be3 Nc6 8. d5 Bxf3 9. gxf3 Ne5 10. Be2 g5 11. h4 gxh4 12. f4 Neg4 13. Rxh4 Nxe3 14. fxe3 e6 15. Bb5+ Kf8 16. Qf2 exd5 17. exd5 h5 18. 0-0-0 Ng4 19. Qd2 Qxh4 0-1

[Event "Titled Tuesday intern op 11th Jun Late"]
[Site "Chess.com INT"]
[Date "2024.06.11"]
[Round "1"]
[White "Andreassen, Lars"]
[Black "Dann, Matthias"]
[Result "0-1"]
[WhiteElo "2168"]
[BlackElo "2458"]
[PlyCount "76"]
[EventDate "2024.06.11"]
[EventType "swiss (blitz)"]
[EventRounds "11"]
[EventCountry "USA"]
[SourceTitle "EXT 2025"]
[Source "ChessBase"]
[SourceDate "2024.10.14"]
[SourceVersion "1"]
[SourceVersionDate "2024.10.14"]
[SourceQuality "1"]

1. d4 Nf6 2. Nf3 e6 3. Bg5 c5 4. e3 cxd4 5. exd4 Be7 6. Bd3 b6 7. 0-0 Ba6 8. Bxa6 Nxa6 9. c3 0-0 10. Nbd2 d6 11. Re1 Qd7 12. a4 Nc7 13. a5 b5 14. Qe2 a6 15. h3 Ncd5 16. Ne4 Rab8 17. Nxf6+ Bxf6 18. Bxf6 Nxf6 19. Nd2 Rfc8 20. f4 d5 21. Nf3 Ne4 22. Ne5 Qd6 23. Nd3 Rc4 24. Rf1 g6 25. Rf3 Qc7 26. g4 Ra4 27. Raf1 Ra2 28. f5 Nxc3 29. Qe3 Ne4 30. fxe6 fxe6 31. Qh6 Qg7 32. Qf4 Qxd4+ 33. Kh1 Qa7 34. Ne5 Rxb2 35. Qh6 Qg7 36. Qf4 g5 37. Qe3 Qxe5 38. Rf7 Qh2# 0-1

[Event "Titled Tuesday intern op 28th May Late"]
[Site "Chess.com INT"]
[Date "2024.05.28"]
[Round "2"]
[White "Andreassen, Lars"]
[Black "Seletsky, Grigory"]
[Result "0-1"]
[WhiteElo "2168"]
[BlackElo "2214"]
[PlyCount "42"]
[EventDate "2024.05.28"]
[EventType "swiss (blitz)"]
[EventRounds "11"]
[EventCountry "USA"]
[SourceTitle "EXT 2025"]
[Source "ChessBase"]
[SourceDate "2024.10.14"]
[SourceVersion "1"]
[SourceVersionDate "2024.10.14"]
[SourceQuality "1"]

1. d4 c5 2. Nf3 cxd4 3. c3 dxc3 4. Nxc3 Nc6 5. e4 e6 6. Bc4 Qc7 7. Qe2 Nf6 8. e5 Ng4 9. Bf4 f6 10. 0-0 Ngxe5 11. Nb5 Qb8 12. Rfe1 a6 13. Nbd4 Nxf3+ 14. Qxf3 Nxd4 15. Qe4 Qa7 16. Be3 Bc5 17. Rad1 0-0 18. Rxd4 d5 19. Rxd5 Bxe3 20. Rxe3 exd5 21. Bxd5+ Kh8 0-1

[Event "Titled Tuesday intern op 21st May Late"]
[Site "Chess.com INT"]
[Date "2024.05.21"]
[Round "2"]
[White "Andreassen, Lars"]
[Black "Rietze, Clemens"]
[Result "0-1"]
[WhiteElo "2168"]
[BlackElo "2372"]
[PlyCount "34"]
[EventDate "2024.05.21"]
[EventType "swiss (blitz)"]
[EventRounds "11"]
[EventCountry "USA"]
[SourceTitle "CBM 220 Extra"]
[Source "ChessBase"]
[SourceDate "2024.07.31"]
[SourceVersion "1"]
[SourceVersionDate "2024.07.31"]
[SourceQuality "1"]

1. d4 d5 2. Nf3 c5 3. c4 e6 4. cxd5 exd5 5. Nc3 Nf6 6. Bg5 Be6 7. e3 c4 8. Qa4+ Nc6 9. Ne5 Qb6 10. 0-0-0 Bb4 11. Nxc6 bxc6 12. Bxf6 gxf6 13. e4 Bxc3 14. bxc3 Rb8 15. Qa3 Qb1+ 16. Kd2 Rb2+ 17. Ke1 Qxe4+ 0-1

[Event "Titled Tuesday intern op 14th May Late"]
[Site "Chess.com INT"]
[Date "2024.05.14"]
[Round "4"]
[White "Ambartsumova, Karina"]
[Black "Andreassen, Lars"]
[Result "0-1"]
[WhiteElo "2406"]
[BlackElo "2168"]
[PlyCount "78"]
[EventDate "2024.05.14"]
[EventType "swiss (blitz)"]
[EventRounds "11"]
[EventCountry "USA"]
[SourceTitle "CBM 220 Extra"]
[Source "ChessBase"]
[SourceDate "2024.07.31"]
[SourceVersion "1"]
[SourceVersionDate "2024.07.31"]
[SourceQuality "1"]

1. d4 d5 2. c4 e6 3. Nc3 c5 4. cxd5 cxd4 5. Qxd4 Nc6 6. Qd1 exd5 7. Nf3 d4 8. Ne4 f5 9. Ng3 Nf6 10. e3 Bb4+ 11. Bd2 dxe3 12. fxe3 Bxd2+ 13. Qxd2 Qxd2+ 14. Kxd2 Be6 15. Bb5 0-0-0+ 16. Ke2 Rhe8 17. Rac1 Kb8 18. Bxc6 bxc6 19. Rxc6 Bd5 20. Rc3 f4 21. Nf5 fxe3 22. Nxe3 Ng4 23. b3 Bb7 24. h3 Ba6+ 25. Ke1 Nxe3 26. Rc1 Nxg2+ 27. Kf2 Nf4 28. Rc2 Rf8 29. Kg3 Nh5+ 30. Kg4 g6 31. Rc3 Rf4+ 32. Kg5 Rd5+ 33. Kh6 Rf7 34. Rhc1 Nf4 35. Ng5 Rfd7 36. h4 Nd3 37. Rf1 Ne5 38. Rf8+ Kb7 39. Re3 Ng4# 0-1

[Event "Titled Tuesday intern op 14th May Late"]
[Site "Chess.com INT"]
[Date "2024.05.14"]
[Round "1"]
[White "Golubev, Mikhail"]
[Black "Andreassen, Lars"]
[Result "1-0"]
[WhiteElo "2461"]
[BlackElo "2168"]
[PlyCount "55"]
[EventDate "2024.05.14"]
[EventType "swiss (blitz)"]
[EventRounds "11"]
[EventCountry "USA"]
[SourceTitle "CBM 220 Extra"]
[Source "ChessBase"]
[SourceDate "2024.07.31"]
[SourceVersion "1"]
[SourceVersionDate "2024.07.31"]
[SourceQuality "1"]

1. e4 d5 2. exd5 Nf6 3. Nf3 Nxd5 4. d4 Bg4 5. Be2 e6 6. 0-0 Be7 7. h3 Bh5 8. c4 Nf6 9. Nc3 0-0 10. Be3 c6 11. Re1 Nbd7 12. Qd2 a5 13. Rad1 Bb4 14. a3 Ne4 15. Qc1 Nxc3 16. bxc3 Be7 17. c5 Nf6 18. c4 a4 19. Qb2 Ra7 20. Ne5 Bxe2 21. Qxe2 Qa5 22. Rb1 Ne4 23. Qc2 f5 24. f3 Nf6 25. Rb4 Rd8 26. Reb1 Qa6 27. Rb6 Qa5 28. Bd2 1-0

[Event "Titled Tuesday intern op 19th Mar Late"]
[Site "Chess.com INT"]
[Date "2024.03.19"]
[Round "2"]
[White "Olsson, Linus"]
[Black "Andreassen, Lars"]
[Result "1-0"]
[WhiteElo "2211"]
[BlackElo "2168"]
[PlyCount "49"]
[EventDate "2024.03.19"]
[EventType "swiss (blitz)"]
[EventRounds "11"]
[EventCountry "USA"]
[SourceTitle "EXT 2025"]
[Source "ChessBase"]
[SourceDate "2024.10.14"]
[SourceVersion "1"]
[SourceVersionDate "2024.10.14"]
[SourceQuality "1"]

1. d4 d5 2. c4 e6 3. Nf3 c5 4. cxd5 cxd4 5. Qxd4 exd5 6. Nc3 Nf6 7. e3 Nc6 8. Bb5 Bd7 9. Bxc6 bxc6 10. 0-0 Bd6 11. e4 dxe4 12. Qxd6 exf3 13. Bg5 fxg2 14. Rfe1+ Be6 15. Qxc6+ Kf8 16. Rad1 Qc8 17. Qd6+ Kg8 18. Bxf6 gxf6 19. Re3 h5 20. Rg3+ Kh7 21. Ne4 Qd8 22. Rd5 Bg4 23. Nxf6+ Kg7 24. Nxh5+ Rxh5 25. Rxg4+ 1-0

[Event "Titled Tuesday intern op 20th Feb Late"]
[Site "Chess.com INT"]
[Date "2024.02.20"]
[Round "1"]
[White "Rodgers, Jack"]
[Black "Andreassen, Lars"]
[Result "1-0"]
[WhiteElo "2043"]
[BlackElo "2168"]
[PlyCount "63"]
[EventDate "2024.02.20"]
[EventType "swiss (blitz)"]
[EventRounds "11"]
[EventCountry "USA"]
[SourceTitle "EXT 2025"]
[Source "ChessBase"]
[SourceDate "2024.10.14"]
[SourceVersion "1"]
[SourceVersionDate "2024.10.14"]
[SourceQuality "1"]

1. d4 d5 2. c4 e6 3. Nc3 c5 4. cxd5 cxd4 5. Qxd4 Nc6 6. Qd1 exd5 7. Qxd5 Bd7 8. Nf3 Nf6 9. Qd1 Bc5 10. e3 Rg8 11. Bc4 g5 12. h3 h5 13. Nd5 Nxd5 14. Qxd5 Qe7 15. Bd2 Be6 16. Qe4 0-0-0 17. Bxe6+ fxe6 18. Rc1 g4 19. Ne5 Nxe5 20. Qxe5 Rd5 21. Qe4 Kb8 22. a3 g3 23. Rf1 Qd6 24. Bc3 Rd8 25. Ke2 Rd2+ 26. Bxd2 Qxd2+ 27. Kf3 Rf8+ 28. Kxg3 Bd6+ 29. f4 Rg8+ 30. Kh2 Be7 31. Qf3 Bh4 32. Kh1 1-0

[Event "Titled Tuesday intern op 13th Feb Late"]
[Site "Chess.com INT"]
[Date "2024.02.13"]
[Round "2"]
[White "Andreassen, Lars"]
[Black "Karas, Marek"]
[Result "0-1"]
[WhiteElo "2168"]
[BlackElo "2228"]
[PlyCount "54"]
[EventDate "2024.02.13"]
[EventType "swiss (blitz)"]
[EventRounds "11"]
[EventCountry "USA"]
[SourceTitle "CBM 218 Extra"]
[Source "ChessBase"]
[SourceDate "2024.03.31"]
[SourceVersion "1"]
[SourceVersionDate "2024.03.31"]
[SourceQuality "1"]

1. d4 Nf6 2. Nf3 e6 3. Bg5 c5 4. e3 b6 5. c3 Bb7 6. Bd3 Be7 7. Nbd2 0-0 8. 0-0 cxd4 9. exd4 Nd5 10. Bxe7 Qxe7 11. Re1 Nc6 12. g3 Rac8 13. Qe2 f5 14. c4 Ndb4 15. Bb1 Qf6 16. a3 Na6 17. d5 exd5 18. cxd5 Nd4 19. Nxd4 Qxd4 20. Nf3 Qg4 21. Ba2 Nc5 22. Ne5 Qh3 23. b4 Ne4 24. Nxd7 Rfd8 25. Ne5 Nc3 26. Qd2 Nxa2 27. Qxa2 Bxd5 0-1

[Event "Titled Tuesday intern op 13th Feb Late"]
[Site "Chess.com INT"]
[Date "2024.02.13"]
[Round "1"]
[White "Soto Vega, Jorge"]
[Black "Andreassen, Lars"]
[Result "1-0"]
[WhiteElo "2354"]
[BlackElo "2168"]
[PlyCount "61"]
[EventDate "2024.02.13"]
[EventType "swiss (blitz)"]
[EventRounds "11"]
[EventCountry "USA"]
[SourceTitle "CBM 218 Extra"]
[Source "ChessBase"]
[SourceDate "2024.03.31"]
[SourceVersion "1"]
[SourceVersionDate "2024.03.31"]
[SourceQuality "1"]

1. e4 d5 2. exd5 Nf6 3. c4 e6 4. dxe6 Bxe6 5. Be2 Qe7 6. b3 Nc6 7. Ba3 Qd7 8. Bxf8 Rxf8 9. Nf3 0-0-0 10. 0-0 Bg4 11. h3 Bxf3 12. Bxf3 Nd4 13. Re1 Rfe8 14. Re3 c5 15. Kh1 g5 16. Nc3 h5 17. Nd5 Nxd5 18. Bxd5 g4 19. h4 f5 20. g3 f4 21. Rxe8 Rxe8 22. b4 fxg3 23. fxg3 Qd6 24. Qa4 Re2 25. Rf1 Nf3 26. Bxf3 gxf3 27. Rxf3 Re1+ 28. Kg2 Qxd2+ 29. Rf2 Qd6 30. bxc5 Qxc5 31. Qb5 1-0

[Event "Titled Tuesday intern op 30th Jan Early"]
[Site "Chess.com INT"]
[Date "2024.01.30"]
[Round "1"]
[White "Andreassen, Lars"]
[Black "Mendez Fortes, Eduardo Jesus"]
[Result "0-1"]
[WhiteElo "2168"]
[BlackElo "2231"]
[PlyCount "64"]
[EventDate "2024.01.30"]
[EventType "swiss (blitz)"]
[EventRounds "11"]
[EventCountry "USA"]
[SourceTitle "EXT 2025"]
[Source "ChessBase"]
[SourceDate "2024.10.14"]
[SourceVersion "1"]
[SourceVersionDate "2024.10.14"]
[SourceQuality "1"]

1. d4 Nf6 2. Nf3 d5 3. Bg5 Ne4 4. Bh4 c5 5. c3 Nc6 6. e3 Qb6 7. Qb3 c4 8. Qxb6 axb6 9. Nbd2 Nxd2 10. Nxd2 b5 11. e4 e6 12. Be2 b4 13. exd5 exd5 14. 0-0 Be6 15. Bf3 b5 16. Rfe1 Kd7 17. Nf1 bxc3 18. bxc3 b4 19. Ne3 Ra5 20. cxb4 Nxb4 21. Reb1 Bd6 22. a3 Nc2 23. Nxc2 Rha8 24. Bg3 Be7 25. Rb7+ Ke8 26. Nb4 Rxa3 27. Rxa3 Rxa3 28. h3 Rb3 29. Rb8+ Kd7 30. Nxd5 Rxf3 31. gxf3 Bxd5 32. Rb7+ Bxb7 0-1

[Event "Titled Tuesday intern op 30th Jan Late"]
[Site "Chess.com INT"]
[Date "2024.01.30"]
[Round "3"]
[White "Andreassen, Lars"]
[Black "Perez Guerra, Raul"]
[Result "1-0"]
[WhiteElo "2168"]
[BlackElo "2240"]
[PlyCount "129"]
[EventDate "2024.01.30"]
[EventType "swiss (blitz)"]
[EventRounds "11"]
[EventCountry "USA"]
[SourceTitle "EXT 2025"]
[Source "ChessBase"]
[SourceDate "2024.10.14"]
[SourceVersion "1"]
[SourceVersionDate "2024.10.14"]
[SourceQuality "1"]

1. d4 d5 2. Nf3 Nf6 3. Bg5 e6 4. e3 Be7 5. c4 0-0 6. Nc3 h6 7. Bh4 Nbd7 8. Bd3 dxc4 9. Bxc4 a6 10. a4 b6 11. e4 Bb7 12. Qe2 b5 13. axb5 axb5 14. Rxa8 Qxa8 15. Bd3 b4 16. Nd1 g5 17. Bg3 Bxe4 18. Bxc7 Rc8 19. Be5 Bxd3 20. Qxd3 Qe4+ 21. Qxe4 Nxe4 22. 0-0 Rc2 23. Re1 Nef6 24. Kf1 Nd5 25. Re2 b3 26. Ne3 Rc1+ 27. Re1 Nxe3+ 28. fxe3 Rxe1+ 29. Kxe1 Ba3 30. bxa3 b2 31. Nd2 Nb6 32. Nb1 Nc4 33. Ke2 f5 34. Kd3 Nb6 35. Kc2 Nc4 36. Kb3 Nxe3 37. a4 Kf7 38. a5 Nd5 39. Kxb2 Ke8 40. Nc3 Nb4 41. Kb3 Na6 42. Kc4 Kd7 43. Kb5 f4 44. Kxa6 Kc6 45. Ne4 h5 46. Nxg5 h4 47. Nf3 h3 48. gxh3 Kd5 49. Bxf4 Ke4 50. Be5 Kxf3 51. Kb5 Kg2 52. a6 Kh1 53. a7 Kg2 54. a8Q+ Kf1 55. Qf3+ Ke1 56. Bg3+ Kd2 57. Qf2+ Kc3 58. Kc5 Kd3 59. Kd6 Ke4 60. Kxe6 Kd3 61. d5 Kc4 62. d6 Kb5 63. d7 Kc6 64. d8Q Kb7 65. Qfb6# 1-0

[Event "Titled Tuesday intern op 30th Jan Late"]
[Site "Chess.com INT"]
[Date "2024.01.30"]
[Round "4"]
[White "Gascon del Nogal, Jose Rafael"]
[Black "Andreassen, Lars"]
[Result "1-0"]
[WhiteElo "2475"]
[BlackElo "2168"]
[PlyCount "71"]
[EventDate "2024.01.30"]
[EventType "swiss (blitz)"]
[EventRounds "11"]
[EventCountry "USA"]
[SourceTitle "EXT 2025"]
[Source "ChessBase"]
[SourceDate "2024.10.14"]
[SourceVersion "1"]
[SourceVersionDate "2024.10.14"]
[SourceQuality "1"]

1. e4 d6 2. d4 Nf6 3. Nc3 e5 4. Nf3 Nbd7 5. Bc4 Be7 6. a4 0-0 7. 0-0 c6 8. h3 Qc7 9. Re1 b6 10. Ba2 a5 11. d5 c5 12. Bc4 Nb8 13. Nd2 Ba6 14. Bxa6 Nxa6 15. Nb5 Qd7 16. Nc4 Rab8 17. f4 exf4 18. Bxf4 Ne8 19. e5 dxe5 20. Nxe5 Qf5 21. Bg3 Bf6 22. Ra3 Nb4 23. Rf3 Qxc2 24. Nd7 Qxd1 25. Rxd1 Rd8 26. Nxf8 Kxf8 27. d6 Rd7 28. b3 Nc6 29. Re3 Nd4 30. Rde1 Rd8 31. d7 Ne6 32. dxe8Q+ Rxe8 33. Nc7 Nxc7 34. Bd6+ Kg8 35. Rxe8+ Nxe8 36. Rxe8# 1-0

[Event "Titled Tuesday intern op 05th Dec Late"]
[Site "Chess.com INT"]
[Date "2023.12.05"]
[Round "1"]
[White "Rodgers, Jack"]
[Black "Andreassen, Lars"]
[Result "1-0"]
[WhiteElo "2059"]
[BlackElo "2168"]
[PlyCount "85"]
[EventDate "2023.12.05"]
[EventType "swiss (blitz)"]
[EventRounds "11"]
[EventCountry "USA"]
[SourceTitle "EXT 2025"]
[Source "ChessBase"]
[SourceDate "2024.10.14"]
[SourceVersion "1"]
[SourceVersionDate "2024.10.14"]
[SourceQuality "1"]

1. d4 d5 2. Bg5 c5 3. dxc5 Nc6 4. e3 Qa5+ 5. Nc3 e6 6. Bb5 Bxc5 7. Nge2 Bd7 8. 0-0 Nf6 9. a3 Be7 10. b4 Qc7 11. Bf4 Bd6 12. Ba4 0-0 13. Nb5 Bxf4 14. Nxc7 Bxc7 15. Rb1 a6 16. h3 b5 17. Bb3 Rac8 18. f3 Bb6 19. Nd4 e5 20. Nxc6 Bxe3+ 21. Kh1 Bxc6 22. c3 Rfd8 23. Re1 Bf4 24. Qd3 e4 25. Qd4 Bg3 26. Rf1 Re8 27. fxe4 Rxe4 28. Qa7 Ra8 29. Qb6 Re6 30. Rf3 Be5 31. Qf2 Ne4 32. Qe1 Rg6 33. Rb2 Re8 34. Re2 h6 35. Kg1 Bc7 36. Rf1 Bb6+ 37. Kh2 Bc7+ 38. Kg1 Bb6+ 39. Kh1 Ng3+ 40. Qxg3 Rxg3 41. Rxe8+ Kh7 42. Bc2+ g6 43. Rxf7# 1-0

[Event "Titled Tuesday intern op 28th Nov Late"]
[Site "Chess.com INT"]
[Date "2023.11.28"]
[Round "2"]
[White "Andreassen, Lars"]
[Black "Coca, Cristi Iulian"]
[Result "1-0"]
[WhiteElo "2168"]
[BlackElo "2271"]
[PlyCount "61"]
[EventDate "2023.11.28"]
[EventType "swiss (blitz)"]
[EventRounds "11"]
[EventCountry "USA"]
[SourceTitle "EXT 2025"]
[Source "ChessBase"]
[SourceDate "2024.10.14"]
[SourceVersion "1"]
[SourceVersionDate "2024.10.14"]
[SourceQuality "1"]

1. d4 Nf6 2. Nf3 g6 3. Bg5 Bg7 4. Nc3 d5 5. Bxf6 Bxf6 6. e4 dxe4 7. Nxe4 Bg7 8. Bc4 0-0 9. 0-0 Bf5 10. Ng3 Bg4 11. c3 Nd7 12. h3 Bxf3 13. Qxf3 c6 14. Rae1 e6 15. Re2 Nf6 16. Rfe1 Qd6 17. Ne4 Nxe4 18. Rxe4 Rfd8 19. Rxe6 fxe6 20. Rxe6 Qxe6 21. Bxe6+ Kh8 22. Qf7 Rab8 23. g3 a5 24. f4 Rd6 25. Qc7 Rbd8 26. f5 gxf5 27. Bxf5 c5 28. dxc5 Rd2 29. Be4 Re8 30. Qxb7 Bf8 31. Qxh7# 1-0

[Event "Titled Tuesday intern op 21st Nov Early"]
[Site "Chess.com INT"]
[Date "2023.11.21"]
[Round "6"]
[White "Dwilewicz, Katarzyna"]
[Black "Andreassen, Lars"]
[Result "1-0"]
[WhiteElo "2112"]
[BlackElo "2168"]
[PlyCount "103"]
[EventDate "2023.11.21"]
[EventType "swiss (blitz)"]
[EventRounds "11"]
[EventCountry "USA"]
[SourceTitle "EXT 2025"]
[Source "ChessBase"]
[SourceDate "2024.10.14"]
[SourceVersion "1"]
[SourceVersionDate "2024.10.14"]
[SourceQuality "1"]

1. e4 d6 2. Nc3 Nf6 3. f4 e5 4. d4 exd4 5. Qxd4 Nc6 6. Qd3 Be7 7. Nf3 0-0 8. Be3 Nb4 9. Qd2 Bg4 10. 0-0-0 c6 11. Kb1 Qa5 12. a3 Na6 13. Nd5 Qd8 14. Nxe7+ Qxe7 15. Qxd6 Qxd6 16. Rxd6 Nxe4 17. Rd4 Bxf3 18. gxf3 Nf6 19. Bxa6 bxa6 20. Rd6 Nd5 21. Bc1 Rac8 22. c4 Ne7 23. Re1 Nf5 24. Rd7 Ra8 25. Re5 g6 26. Kc2 Rfd8 27. Rxd8+ Rxd8 28. Be3 Nxe3+ 29. Rxe3 Rd4 30. Re4 Rd7 31. Kc3 Kf8 32. b4 Rd1 33. Re5 Rf1 34. Ra5 Rxf3+ 35. Kd4 Rxf4+ 36. Kc5 g5 37. Rxa6 g4 38. Rxc6 Kg7 39. Rc7 h5 40. Rxa7 h4 41. Re7 g3 42. hxg3 hxg3 43. Re1 g2 44. Rg1 Rf2 45. b5 Ra2 46. b6 f5 47. b7 Rb2 48. Rxg2+ Rxg2 49. b8Q Kf6 50. Qf8+ Ke5 51. Qd6+ Ke4 52. Qd5+ 1-0

[Event "Titled Tuesday intern op 21st Nov Early"]
[Site "Chess.com INT"]
[Date "2023.11.21"]
[Round "5"]
[White "Odeh, Kenneth"]
[Black "Andreassen, Lars"]
[Result "1/2-1/2"]
[WhiteElo "1932"]
[BlackElo "2168"]
[PlyCount "101"]
[EventDate "2023.11.21"]
[EventType "swiss (blitz)"]
[EventRounds "11"]
[EventCountry "USA"]
[SourceTitle "EXT 2025"]
[Source "ChessBase"]
[SourceDate "2024.10.14"]
[SourceVersion "1"]
[SourceVersionDate "2024.10.14"]
[SourceQuality "1"]

1. e4 d6 2. d4 Nf6 3. Nc3 e5 4. dxe5 dxe5 5. Qxd8+ Kxd8 6. Nf3 Bd6 7. Bg5 Be6 8. 0-0-0 Nbd7 9. Nb5 Ke7 10. Nxd6 cxd6 11. Bb5 Rhd8 12. Bxd7 Rxd7 13. Rd2 Rc8 14. Kb1 b5 15. Rhd1 Rc4 16. Re2 Rdc7 17. c3 a5 18. Nd2 R4c5 19. f3 a4 20. a3 h6 21. Bxf6+ gxf6 22. Nf1 Bc4 23. Red2 Bxf1 24. Rxf1 R5c6 25. Rd5 Rb6 26. Rfd1 Rc8 27. R5d3 Rg8 28. g4 h5 29. h3 hxg4 30. fxg4 Rh8 31. Rf1 Rh6 32. Rdf3 Ke6 33. Rf5 d5 34. exd5+ Kxd5 35. h4 Rxh4 36. Rxf6 Rxf6 37. Rxf6 Rxg4 38. Rxf7 e4 39. Kc2 Rg2+ 40. Kc1 Kc4 41. Re7 Kd3 42. Rd7+ Ke3 43. Rd5 Rg1+ 44. Kc2 Rg2+ 45. Kc1 Ke2 46. Rxb5 e3 47. Re5 Kd3 48. Rd5+ Ke2 49. Re5 Kd3 50. Rd5+ Ke2 51. Re5 1/2-1/2

[Event "Titled Tuesday intern op 14th Nov Late"]
[Site "Chess.com INT"]
[Date "2023.11.14"]
[Round "2"]
[White "Stanojevic, Ilija"]
[Black "Andreassen, Lars"]
[Result "1-0"]
[WhiteElo "2117"]
[BlackElo "2168"]
[PlyCount "81"]
[EventDate "2023.11.14"]
[EventType "swiss (blitz)"]
[EventRounds "11"]
[EventCountry "USA"]
[SourceTitle "EXT 2025"]
[Source "ChessBase"]
[SourceDate "2024.10.14"]
[SourceVersion "1"]
[SourceVersionDate "2024.10.14"]
[SourceQuality "1"]

1. d4 d5 2. c4 e6 3. Nf3 c5 4. cxd5 cxd4 5. Qxd4 exd5 6. Nc3 Nf6 7. Bg5 Be6 8. e3 Nc6 9. Bb5 Be7 10. 0-0 h6 11. Qh4 0-0 12. Bxh6 Ne4 13. Qh5 Nf6 14. Qg5 Ne8 15. Qg3 Bd6 16. Bf4 Be7 17. Rfd1 Nf6 18. Bh6 Ne8 19. e4 d4 20. Bxc6 bxc6 21. Nxd4 Bh4 22. Nxe6 Qf6 23. Bg5 Bxg3 24. Bxf6 Bxf2+ 25. Kxf2 fxe6 26. e5 gxf6 27. exf6 Nxf6 28. Kg1 Rab8 29. b3 Nd5 30. Ne4 Rb4 31. Nc5 e5 32. Re1 Re8 33. Rac1 e4 34. Nd7 Rb7 35. Nc5 Rbe7 36. Rc4 e3 37. Nd3 e2 38. Rxc6 Kg7 39. Rc5 Nf6 40. Rc2 Nd5 41. g3 1-0